Fundamentals of astrodynamics (Record no. 594236)

000 -LEADER
fixed length control field 01121cam a2200301 4500
001 - CONTROL NUMBER
control field 3617545
005 - DATE AND TIME OF LATEST TRANSACTION
control field 20230324105610.0
008 - FIXED-LENGTH DATA ELEMENTS--GENERAL INFORMATION
fixed length control field 710716s1971 nyua b 001 0 eng
010 ## - LIBRARY OF CONGRESS CONTROL NUMBER
LC control number 73157430
020 ## - INTERNATIONAL STANDARD BOOK NUMBER
International Standard Book Number 0486600610
040 ## - CATALOGING SOURCE
Original cataloging agency DLC
Language of cataloging eng
Transcribing agency DLC
Modifying agency DLC
050 00 - LIBRARY OF CONGRESS CALL NUMBER
Classification number TL1050
Item number .B33 1971
082 00 - DEWEY DECIMAL CLASSIFICATION NUMBER
Classification number 629.411
Author Mark BAT
100 1# - MAIN ENTRY--PERSONAL NAME
Personal name Bate, Roger R.,
Dates associated with a name 1923-
9 (RLIN) 111345
245 10 - TITLE STATEMENT
Title Fundamentals of astrodynamics
Statement of responsibility, etc. [by] Roger R. Bate, Donald D. Mueller [and] Jerry E. White.
260 ## - PUBLICATION, DISTRIBUTION, ETC.
Place of publication, distribution, etc. New York,
Name of publisher, distributor, etc. Dover Publications
Date of publication, distribution, etc. [1971]
300 ## - PHYSICAL DESCRIPTION
Extent xii, 455 p.
Other physical details illus.
Dimensions 22 cm.
350 ## - PRICE (NR) (BK AM CF MU VM SE) [OBSOLETE]
Price $4.50
504 ## - BIBLIOGRAPHY, ETC. NOTE
Bibliography, etc. note Includes bibliographies.
650 #0 - SUBJECT ADDED ENTRY--TOPICAL TERM
Topical term or geographic name entry element Orbital mechanics.
9 (RLIN) 19174
650 #0 - SUBJECT ADDED ENTRY--TOPICAL TERM
Topical term or geographic name entry element Astrodynamics.
9 (RLIN) 83859
700 1# - ADDED ENTRY--PERSONAL NAME
Personal name Mueller, Donald D.,
Dates associated with a name 1933-
Relator term joint author.
9 (RLIN) 111346
700 1# - ADDED ENTRY--PERSONAL NAME
Personal name White, Jerry E.,
Dates associated with a name 1937-
Relator term joint author.
9 (RLIN) 111347
856 42 - ELECTRONIC LOCATION AND ACCESS
Materials specified Publisher description
Uniform Resource Identifier <a href="http://www.loc.gov/catdir/enhancements/fy0714/73157430-d.html">http://www.loc.gov/catdir/enhancements/fy0714/73157430-d.html</a>
856 41 - ELECTRONIC LOCATION AND ACCESS
Materials specified Table of contents only
Uniform Resource Identifier <a href="http://www.loc.gov/catdir/enhancements/fy1318/73157430-t.html">http://www.loc.gov/catdir/enhancements/fy1318/73157430-t.html</a>
906 ## - LOCAL DATA ELEMENT F, LDF (RLIN)
a 7
b cbc
c orignew
d 2
e ncip
f 19
g y-gencatlg
942 ## - ADDED ENTRY ELEMENTS (KOHA)
Source of classification or shelving scheme
Koha item type Book
Holdings
Withdrawn status Lost status Source of classification or shelving scheme Damaged status Not for loan Permanent Location Current Location Shelving location Date acquired Total Checkouts Full call number Barcode Checked out Date last seen Date last checked out Price effective from Koha item type
          School of Mechanical & Manufacturing Engineering (SMME) School of Mechanical & Manufacturing Engineering (SMME) Aerospace Engineering 03/24/2023 1 629.411 BAT SMME-4013 08/28/2025 07/29/2025 07/29/2025 03/24/2023 Book
© 2023 Central Library, National University of Sciences and Technology. All Rights Reserved.